000 00853nam a2200229 a 4500
999 _c7190
_d7190
001 7190
003 BD-JhCC
005 20180206093540.0
008 171220s2012 bg |||| ||a| 001 0 ben d
020 _a978984200816
035 _a(BD-JhCC)7190
040 _aBD-JhCC
_dBD-JhCC
041 _aben
082 _a363.2095414
_bISL 2012
100 _aইসলাম, কাবেদুল
245 _aঅবিভক্ত বাংলার পুলিশের ইতিহাস :
_bপ্রাচীনযুগ থেকে ১৯৪৭ খ্রিস্টাব্দ /
_cকাবেদুল ইসলাম
260 _aঢাকা :
_bঅ্যাডর্ন পাবলিকেশন,
_c2012.
300 _a216 p. :
_c22 cm.
650 _aPolice Administration
_zBangla and India
942 _2ddc
_cBK